00418nam a22001577a 4500003000400000005001700004008004100021020001500062040002900077050002200106100001900128245003700147260004500184300001000229650002100239OSt20260610145340.0260610b |||||||| |||| 00| 0 eng d a0070521409 cChuka University Library aQ158.5b.R53 1982 aRiban David M. aIntroduction To Physical Science aNew YorkbMcGRAW HILL Book Companyc1982 a657.p aPhysical Science